00918cam a2200241 a 450000100060000000300080000600500170001400800410003103500190007204000360009104100080012708200220013510000310015724500410018826000390022930000560026850002140032450000200053865000280055865000370058665000160062365100370063917233BD-RjUL20211209000116.0140216s1938 enkabf 001 0 eng u a(BD-RjUL)17291 cVXFdBD-RjULdEQOaBD-RjULbeng aeng00a711.094bSHE 19381 aSharp, Thomas,d1901-1978.10aEnglish panorama /cby Thomas Sharp. aLondon :bJ.M. Dent & Sons,c1938. a125 p., 55 leaves of plates :bill., maps ;c23 cm. a"The parts of this book which describe the town have been serialized in The Architectural Review. The parts describing the countryside contain many passages from my book Town and Countryside"--Acknowledgments. aIncludes index. 0aCity planningzEngland. 0aCities and townszGreat Britain. 0aLandscapes. 0aEnglandxDescription and travel.